Regions of Quebec on a Map - Statistics

General Stats
  • This quiz has been taken 583 times
  • The average score is 12 of 17
Answers on the Map
Answers color-coded by a green-red scale on the quiz's map according to % correct below.
 
Answer Stats
Pop Regions % Correct
2 004 k Montréal
95%
438 k Laval
81%
89,3 k Gaspésie–Îles-de-la-Madeleine
80%
45,7 k Nord-du-Québec
80%
275 k Saguenay–Lac-Saint-Jean
70%
88,5 k Côte-Nord
69%
147 k Abitibi-Témiscamingue
66%
199 k Bas-Saint-Laurent
66%
757 k Capitale-Nationale
66%
405 k Outaouais
66%
1 591 k Montérégie
63%
337 k Estrie
62%
636 k Laurentides
62%
528 k Lanaudière
58%
273 k Mauricie
58%
250 k Centre-du-Québec
56%
433 k Chaudière-Appalaches
54%
No matching quizzes found
Score Distribution
Percent of People with Each Score
Percentile by Number Answered
Your Score History
You have not taken this quiz